Muppet Performers - Statistics

General Stats
  • This quiz has been taken 61 times
  • The average score is 6 of 11
Answer Stats
Hint Answer % Correct
Also voiced Yoda in Star Wars Frank Oz
95%
The man who made the Muppets possible (we all know who I mean!) Jim Henson
91%
His first (non-muppet) job was reporting the weather for a radio station Richard Hunt
69%
Became the performer of Kermit and Ernie after Jim Henson's death Steve Whitmire
65%
Is famous for being the performer of a little red monster Kevin Clash
55%
Started working with the Muppets as a puppet builder Dave Goelz
53%
Jim Henson's wife and first performing partner Jane Henson
53%
Released an album named Truro Daydreams in 2009 Jerry Nelson
53%
Has performed Prairie Dawn on Sesame Street since 1971 Fran Brill
40%
Took over performing Sweetums after Richard Hunt's health declined John Henson
29%
Performed Janice in the first season of the Muppet Show Eren Ozker
25%
No matching quizzes found
Score Distribution
Percent of People with Each Score
Percentile by Number Answered
Your Score History
You have not taken this quiz